| 000 | 01382nam a22003977a 4500 | ||
|---|---|---|---|
| 003 | OSt | ||
| 005 | 20230823132906.0 | ||
| 008 | 221006b |||||||| |||| 00| 0 eng d | ||
| 040 | _cBiblioteca Lado V | ||
| 082 |
_a708 _bO77m |
||
| 100 |
_9960 _aOrtiz Serrano, Gustavo _edirector |
||
| 245 |
_aMuseo de Arte Contemporáneo de Bogotá/ _bPhylum Artthrópoda/ |
||
| 260 |
_c2015 _bUNIMINUTO _aBogota _aColombia |
||
| 300 |
_c21.5x28cm _a24p. |
||
| 490 |
_a6 _v1 _x2422-1856 |
||
| 505 | _tMETAMORFOSIS POST-INDUSTRIAL | ||
| 505 | _tINSTALACIÓN DE TEXTILES Y ACCESORIOS | ||
| 505 | _tDIZYTHROPODS | ||
| 505 | _tLUIZA 1111 | ||
| 505 | _tJUAN DAVID QUINTERO, CURADOR | ||
| 505 | _tKHARTTESSECTION | ||
| 505 | _tMINI-INSECTARIOS | ||
| 505 | _tFAIRY DIZYTHROPODS | ||
| 505 | _tMARIANA/ YUBELI/ ZEPHYRUS/ PENÉLOPE/ AMANDA/ SOPHIE | ||
| 505 | _tEXUVIAS | ||
| 505 | _tASTARTEA/ VENUS WITCH | ||
| 505 | _tJENNIFER CARO/ LEO CARREÑO | ||
| 505 | _tARTTHROPOGENESIS/ KORSETT | ||
| 505 | _tVENUS WITCH | ||
| 650 |
_2Tesauro de Arte & Arquitectura _aARTE |
||
| 650 |
_2Tesauro de Arte & Arquitectura _aMETAMORFOSIS _9702 |
||
| 650 |
_2Tesauro de Arte & Arquitectura _aINSECTOS _9703 |
||
| 650 |
_2Tesauro de Arte & Arquitectura _aTEXTILES Y ACCESORIOS |
||
| 650 |
_2Tesauro de Arte & Arquitectura _aCAMBIOS DE PIEL |
||
| 942 |
_2ddc _c1 _h708 _iO77m _n0 |
||
| 999 |
_c4190 _d4190 |
||